000 00946cam a22002777a 4500
001 85841
003 ItRI
005 20260429115932.0
008 070917q19952014it |||||| ||||| |ita|c
040 _bita
_aM-RABA
_cM-RABA
_dM-RABA
041 7 _aita
_2ISO-639-2
082 _a937.75
_223
100 1 _aCiancio, Angela
_0IT\ICCU\CFIV\103532
_4aut
_9111702
240 1 0 _aParco archeologico di Monte Sannace : guida alla visita
_9Ciancio, Angela
245 1 0 _aParco archeologico di Monte Sannace :
_bguida alla visita /
_cAngela Ciancio.
260 _a[S.l. :
_bs.n.],
_c[1995]
_e(Fasano :
_fGrafischena)
300 _a23 p. :
_bil. ;
_c21 cm
500 _aEn cub.: Ministero per i beni culturali e ambientali, Soprintendenza archeologica della Puglia.
546 _aTexto en italiano.
650 7 _aArqueología
_918834
655 4 _aGuías
_962716
852 _jF-16113
942 _cFONDOMODER
_n0
981 1 _6z01
_ai
_bxxxe
982 1 _6z01
_an
999 _c85841
_d85841